V Bratislave zriadili pre podnikateľov internetové informačné pracovisko

Otvorenie internetového informačného pracoviska (september 1998) v Národnej agentúre pre rozvoj malého a stredného podnikania (NARMSP). Ciele pracoviska. Vybavenie pracoviska. Aktualizácia informačných zdrojov. Poplatky za využívanie informačného pracoviska. Význam využívania internetového pracovisk...

Descrizione completa

Salvato in:
Dettagli Bibliografici
Autore principale: Oujezdská, Lena
Natura: Capitolo di libro
Lingua:slovacco
Soggetti:
Tags: Aggiungi Tag
Nessun Tag, puoi essere il primo ad aggiungerne!!

MARC

LEADER 00000naa a2200000 4500
001 r032952
005 20230921102203.9
041 0 |a slo 
044 |a SK 
245 1 0 |a V Bratislave zriadili pre podnikateľov internetové informačné pracovisko  |c Lena Oujezdská 
520 |a Otvorenie internetového informačného pracoviska (september 1998) v Národnej agentúre pre rozvoj malého a stredného podnikania (NARMSP). Ciele pracoviska. Vybavenie pracoviska. Aktualizácia informačných zdrojov. Poplatky za využívanie informačného pracoviska. Význam využívania internetového pracoviska pre podnikateľov. 
610 2 0 |a podnikanie malé 
610 2 0 |a podnikanie stredné 
610 2 0 |a podnikatelia 
610 2 0 |a informácie 
610 2 0 |a zdroje informácií 
610 2 0 |a internet 
610 2 0 |a NARMSP Bratislava 
100 1 |a Oujezdská, Lena